00500nam a2200145 a 450000100100000000500170001000800410002704000250006824500600009326000430015330000270019604900090022395201050023299900170033700003115520200930062735.0110614s1995 dr a 000 0 spa d aDO-SdBNPbspacBNPHU00aOrientación sobre el VIH y SIDA :bguía práctica. aSanto Domingo :bEditora Gente,c1995. a44 p. :bil. ;c28 cm. aBNPD 0010718PDaPDbPDcCTd2011-06-14iLF1l0o p31155-10r2020-06-25w2020-06-25yLFPDZNo se presta c30647d30647